[Event "21st Czech GM Open"]
[Site "Pardubice CZE"]
[Date "2010.07.23"]
[Round "1"]
[White "Vojtek,V"]
[Black "Safarli,E"]
[Result "0-1"]
[WhiteElo "2311"]
[BlackElo "2603"]
[EventDate "2010.07.23"]

1. e4 c5 2. Nf3 d6 3. d4 cxd4 4. Nxd4 Nf6 5. Nc3 a6 6. h3 e5 7. Nde2 h5 8.
Bg5 Be7 9. Bxf6 Bxf6 10. Nd5 Bg5 11. Nec3 g6 12. g3 h4 13. g4 Nc6 14. b4
Be6 15. a4 Rc8 16. Rb1 a5 17. bxa5 O-O 18. Bb5 Qxa5 19. O-O Nd4 20. Ne2
Bxd5 21. exd5 Nf3+ 22. Kg2 Nd2 23. Rb3 Nxb3 24. cxb3 Qb4 25. Qb1 Rc5 26.
Bc4 Rxc4 27. bxc4 Qxc4 28. Qb5 Qe4+ 29. Kg1 Qf3 30. Re1 Qxh3 31. Qxb7 Qxg4+
32. Kf1 Qxa4 33. Rb1 Qe4 34. Rb3 Kg7 35. Qc6 Rh8 36. Nc3 Qd3+ 0-1

[Event "21st Czech GM Open"]
[Site "Pardubice CZE"]
[Date "2010.07.23"]
[Round "1"]
[White "Kononenko,Dmitry1"]
[Black "Stella,A"]
[Result "1-0"]
[WhiteElo "2590"]
[BlackElo "2310"]
[EventDate "2010.07.23"]

1. e4 c5 2. Nf3 d6 3. d4 cxd4 4. Nxd4 Nf6 5. Nc3 a6 6. Be3 e6 7. g4 e5 8.
Nf5 h5 9. g5 Nxe4 10. Nxg7+ Bxg7 11. Nxe4 d5 12. Ng3 d4 13. Bd2 Nc6 14. Bd3
Bg4 15. f3 Be6 16. Qe2 Qb6 17. O-O O-O-O 18. b4 f6 19. a4 h4 20. Ne4 f5 21.
a5 Qc7 22. Nc5 Qe7 23. Rfb1 e4 24. fxe4 fxe4 25. Qxe4 Ne5 26. Nxe6 Qxe6 27.
b5 Rhf8 28. Kh1 Qg4 29. Qxg4+ Nxg4 30. bxa6 Rf2 31. axb7+ Kb8 32. a6 Ka7
33. Ba5 Rxh2+ 34. Kg1 h3 35. Bb6+ Kb8 36. a7+ 1-0

[Event "21st Czech GM Open"]
[Site "Pardubice CZE"]
[Date "2010.07.23"]
[Round "1"]
[White "Shevtsov,N"]
[Black "Rakhmanov,Ale"]
[Result "0-1"]
[WhiteElo "2309"]
[BlackElo "2590"]
[EventDate "2010.07.23"]

1. e4 c5 2. Nf3 Nf6 3. e5 Nd5 4. d4 cxd4 5. Qxd4 e6 6. Bc4 Nc6 7. Qe4 f5 8.
Qe2 Nde7 9. Nc3 a6 10. a4 Ng6 11. O-O Qc7 12. Re1 Be7 13. Bd2 O-O 14. b3 b6
15. h4 Nxh4 16. Nxh4 Bxh4 17. Qh5 Be7 18. Re3 g6 19. Qh6 Qd8 20. Rh3 Rf7
21. Nd5 Bf8 22. Qe3 Bg7 23. Nxb6 f4 24. Qc5 Bf8 25. Bxe6 Bxc5 26. Bxf7+
Kxf7 27. Nxa8 Bb7 28. e6+ dxe6 29. Rxh7+ Kg8 30. Rxb7 Qxd2 31. Rf1 Nd4 32.
Rb8+ Kf7 33. Rb7+ Kf6 34. Nb6 Bxb6 35. Rxb6 Ne2+ 36. Kh1 Qd8 0-1

[Event "21st Czech GM Open"]
[Site "Pardubice CZE"]
[Date "2010.07.23"]
[Round "1"]
[White "Chernyshov,K"]
[Black "Overbeck,T"]
[Result "1-0"]
[WhiteElo "2578"]
[BlackElo "2308"]
[EventDate "2010.07.23"]

1. d4 d5 2. Bf4 Nf6 3. e3 c5 4. Nc3 cxd4 5. exd4 Bg4 6. f3 Bf5 7. Nb5 Na6
8. c3 g6 9. Qe2 Be6 10. Nh3 Bg7 11. Ng5 Qb6 12. g3 Nh5 13. Nxe6 Qxe6 14.
Qxe6 fxe6 15. Be3 Kf7 16. Kf2 Rhc8 17. g4 Nf6 18. Bf4 Ne8 19. Re1 Nb8 20.
g5 Nd7 21. Rxe6 a6 22. Bh3 axb5 23. Rhe1 Bf8 24. R6e2 Rd8 25. Be6+ Kg7 26.
Bxd5 Nd6 27. Rxe7+ Bxe7 28. Rxe7+ Kh8 29. Bxd6 Nf6 30. Bxb7 1-0

[Event "21st Czech GM Open"]
[Site "Pardubice CZE"]
[Date "2010.07.23"]
[Round "1"]
[White "Rogule,L"]
[Black "Schlosser,P"]
[Result "0-1"]
[WhiteElo "2305"]
[BlackElo "2575"]
[EventDate "2010.07.23"]

1. c4 Nf6 2. Nc3 c5 3. e4 Nc6 4. g3 e6 5. Bg2 d5 6. cxd5 exd5 7. Nxd5 Nxd5
8. exd5 Nb4 9. a3 Nd3+ 10. Kf1 c4 11. Qa4+ Bd7 12. Qxc4 Qb6 13. Qe4+ Kd8
14. Qe3 Bc5 15. Qg5+ f6 16. Qxg7 Bf8 0-1

[Event "21st Czech GM Open"]
[Site "Pardubice CZE"]
[Date "2010.07.23"]
[Round "1"]
[White "Grigoriants,S RUS"]
[Black "Plueg,A"]
[Result "1-0"]
[WhiteElo "2566"]
[BlackElo "2303"]
[EventDate "2010.07.23"]

1. e4 e5 2. Nf3 Nc6 3. Bb5 a6 4. Ba4 Nf6 5. O-O b5 6. Bb3 Be7 7. a4 Na5 8.
Ba2 d6 9. d3 O-O 10. axb5 c5 11. bxc6 Nxc6 12. h3 d5 13. Nc3 Nb4 14. Bb3
Bb7 15. Nxe5 dxe4 16. Nxe4 Nxe4 17. dxe4 Qxd1 18. Rxd1 Bxe4 19. c3 Bc2 20.
Bxc2 Nxc2 21. Ra4 Rfd8 22. Rd2 Rxd2 23. Bxd2 f6 24. Nc4 1-0

[Event "21st Czech GM Open"]
[Site "Pardubice CZE"]
[Date "2010.07.23"]
[Round "1"]
[White "Maslak,K"]
[Black "Galburd,Y"]
[Result "1-0"]
[WhiteElo "2560"]
[BlackElo "2301"]
[EventDate "2010.07.23"]

1. c4 Nf6 2. Nc3 g6 3. g3 Bg7 4. Bg2 d6 5. e3 O-O 6. Nge2 e5 7. O-O Re8 8.
d3 c6 9. Bd2 Na6 10. a3 Nc5 11. Qc2 Bf5 12. e4 Bd7 13. h3 a5 14. f4 b5 15.
b3 a4 16. b4 Nb3 17. Rae1 Nxd2 18. Qxd2 Qb6+ 19. Kh2 Qa6 20. cxb5 cxb5 21.
g4 exf4 22. Nxf4 Rac8 23. Ncd5 Nxd5 24. Nxd5 Qa7 25. g5 Qd4 26. Nf6+ Bxf6
27. gxf6 Qe5+ 28. Kh1 Qh5 29. Rf3 Bc6 30. Qf4 d5 31. Rf2 Bd7 32. e5 g5 33.
Qg3 Be6 34. Rg1 Kh8 35. Bf3 Qxh3+ 36. Qxh3 Bxh3 37. Rxg5 Rc1+ 38. Kh2 Be6
39. Rfg2 Rc3 40. Bg4 Bxg4 41. R5xg4 Rcc8 42. d4 Rg8 43. Rxg8+ Rxg8 44. Rc2
h6 45. Rc7 Rf8 46. Kh3 Kh7 47. e6 Kg6 48. e7 Re8 49. Rc6 1-0

[Event "21st Czech GM Open"]
[Site "Pardubice CZE"]
[Date "2010.07.23"]
[Round "1"]
[White "Jedlicka,A"]
[Black "Gabrielian,A"]
[Result "1/2-1/2"]
[WhiteElo "2299"]
[BlackElo "2559"]
[EventDate "2010.07.23"]

1. d4 Nf6 2. c4 c5 3. d5 e6 4. Nc3 exd5 5. cxd5 d6 6. Nf3 g6 7. h3 Bg7 8.
e4 a6 9. a4 Nbd7 10. Bd3 Nh5 11. O-O Ne5 12. Be2 Nxf3+ 13. Bxf3 Qh4 14.
Bxh5 gxh5 15. Qd2 Rg8 16. Qf4 Qxf4 17. Bxf4 Bxh3 18. Kh2 Bxc3 19. bxc3 Bd7
20. Bxd6 Rg6 21. Bxc5 O-O-O 22. f3 Rdg8 23. Rg1 h4 24. Bd4 Rg3 25. Be5 R8g6
26. a5 f5 27. exf5 Bxf5 28. Ra4 R3g5 29. Rxh4 Bd7 30. f4 Rg4 31. Rxh7 Bf5
32. Rh8+ Kd7 33. g3 Rg8 34. Rxg8 Rxg8 35. c4 Rc8 36. Rc1 Rc5 37. Ra1 Rxc4
38. Ra2 Rb4 39. Rb2 Rxb2+ 40. Bxb2 Kd6 41. Kg2 Bg4 42. Kf2 Kxd5 43. Ke3 Ke6
44. Ke4 Bh3 45. Kd4 Kf5 46. Kd5 1/2-1/2

[Event "21st Czech GM Open"]
[Site "Pardubice CZE"]
[Date "2010.07.23"]
[Round "1"]
[White "Kravtsiv,M"]
[Black "Charochkina,D"]
[Result "1-0"]
[WhiteElo "2559"]
[BlackElo "2298"]
[EventDate "2010.07.23"]

1. e4 c6 2. d4 d5 3. Nc3 dxe4 4. Nxe4 Bf5 5. Ng3 Bg6 6. h4 h6 7. Nf3 Nd7 8.
h5 Bh7 9. Bd3 Bxd3 10. Qxd3 Ngf6 11. Bd2 e6 12. O-O-O Be7 13. Ne4 O-O 14.
Kb1 Nxe4 15. Qxe4 Nf6 16. Qe2 Qd5 17. Be3 Ng4 18. Nd2 f5 19. c4 Qd6 20. Nf3
b5 21. cxb5 cxb5 22. Bc1 Rac8 23. Rhe1 Kh8 24. d5 Qc5 25. Nd4 Qxd5 26. Nxe6
Qe4+ 27. Qxe4 fxe4 28. Nxf8 Bxf8 29. Be3 Bb4 30. Re2 a6 31. Bd4 Rc4 32. b3
1-0

[Event "21st Czech GM Open"]
[Site "Pardubice CZE"]
[Date "2010.07.23"]
[Round "1"]
[White "Molnar,P SVK"]
[Black "Pridorozhni,A"]
[Result "1/2-1/2"]
[WhiteElo "2297"]
[BlackElo "2553"]
[EventDate "2010.07.23"]

1. Nf3 d5 2. d4 c6 3. Bf4 Qb6 4. b3 Bf5 5. e3 e6 6. Bd3 Bxd3 7. Qxd3 Qa6 8.
c4 Nf6 9. Nbd2 Nbd7 10. O-O Be7 11. Qc2 O-O 12. c5 Nh5 13. b4 Nxf4 14. exf4
b6 15. a4 bxc5 16. bxc5 Rab8 17. Rab1 Bf6 18. g3 g6 19. Kg2 Bg7 20. Rfe1
Rxb1 21. Rxb1 f6 22. Re1 Kf7 23. Rb1 Rb8 24. Rxb8 Nxb8 25. Qb3 Nd7 26. Qb4
Bf8 27. h4 Nb6 28. h5 Nxa4 29. hxg6+ hxg6 30. Qb8 Nc3 31. Qc7+ Be7 32. Ne5+
fxe5 33. Nf3 exd4 34. Ne5+ Kf6 35. Ng4+ Kf7 36. Ne5+ Kf6 37. Ng4+ 1/2-1/2

[Event "21st Czech GM Open"]
[Site "Pardubice CZE"]
[Date "2010.07.23"]
[Round "1"]
[White "Kuljasevic,D"]
[Black "Hrabusa,M"]
[Result "1-0"]
[WhiteElo "2551"]
[BlackElo "2296"]
[EventDate "2010.07.23"]

1. d4 d5 2. c4 e5 3. dxe5 d4 4. Nf3 Nc6 5. a3 Be6 6. Nbd2 Nge7 7. Nb3 Nf5
8. Qd3 a5 9. Bf4 a4 10. Nbd2 Be7 11. h4 h6 12. g3 g6 13. Ne4 Na5 14. Nfd2
c5 15. Rc1 Nc6 16. Nf6+ Bxf6 17. exf6 Qxf6 18. Ne4 Qd8 19. Bg2 Kf8 20. Qd2
Qa5 21. g4 Nfe7 22. Qxa5 Rxa5 23. Bc7 Ra8 24. g5 hxg5 25. hxg5 Rxh1+ 26.
Bxh1 Rc8 27. Bb6 Nf5 28. Nxc5 Re8 29. Nxb7 Ne5 30. Na5 d3 31. Bc7 Bd7 32.
e3 Nh4 33. Kd2 Bf5 34. Bxe5 Rxe5 35. Nc6 Rc5 36. Nd4 Bc8 37. f4 Nf5 38.
Nxf5 Bxf5 39. Bd5 1-0

[Event "21st Czech GM Open"]
[Site "Pardubice CZE"]
[Date "2010.07.23"]
[Round "1"]
[White "Gergel,V"]
[Black "Polak,T"]
[Result "0-1"]
[WhiteElo "2295"]
[BlackElo "2544"]
[EventDate "2010.07.23"]

1. d4 Nf6 2. c4 c5 3. d5 b5 4. cxb5 a6 5. e3 g6 6. Nc3 Bg7 7. Nf3 O-O 8. a4
d6 9. Bc4 Nbd7 10. Bd2 Nb6 11. b3 axb5 12. Bxb5 Bb7 13. e4 e6 14. a5 exd5
15. axb6 dxe4 16. Rxa8 Bxa8 17. Ng5 Qxb6 18. O-O d5 19. Be2 h6 20. Nh3 g5
21. Na4 Qd6 22. Qc2 Nd7 23. Bb5 Ne5 24. Qxc5 Qe6 25. Be2 d4 26. Nb6 Nf3+
27. Bxf3 exf3 28. Nf4 gxf4 29. Bxf4 fxg2 30. Rc1 Bf3 31. Nc4 Re8 32. Qb4
Qf5 33. Bd2 Qd3 34. Nb2 Qg6 35. Nc4 Kh7 36. Bf4 Qg4 37. Qd6 Re6 38. Qc7 Bd1
39. Rxd1 Qxd1+ 40. Kxg2 Re1 0-1

[Event "21st Czech GM Open"]
[Site "Pardubice CZE"]
[Date "2010.07.23"]
[Round "1"]
[White "Kratochvil,Jo"]
[Black "Babula,V"]
[Result "1-0"]
[WhiteElo "2289"]
[BlackElo "2533"]
[EventDate "2010.07.23"]

1. e4 c5 2. Nf3 d6 3. d4 cxd4 4. Nxd4 Nf6 5. Nc3 a6 6. Bc4 e6 7. Bb3 Nbd7
8. Bg5 Qb6 9. Qd2 Be7 10. O-O-O Nc5 11. Rhe1 Qc7 12. f4 h6 13. Bxf6 Bxf6
14. Kb1 O-O 15. Nf3 Be7 16. g4 b5 17. g5 hxg5 18. Nxg5 Bd7 19. Rg1 Bxg5 20.
Rxg5 f6 21. Rg3 b4 22. Rdg1 Rf7 23. Nd5 Nxb3 24. axb3 Qc5 25. Nxf6+ Rxf6
26. Rxg7+ Kf8 27. Rg8+ Ke7 28. R1g7+ Rf7 29. Rxf7+ Kxf7 30. Rxa8 Bc6 31.
Rd8 Bxe4 32. Qe2 Bg6 33. Qg2 Qc7 34. Ra8 Qb6 35. Qe2 a5 36. Ra6 Qc5 37. Qc4
1-0

[Event "21st Czech GM Open"]
[Site "Pardubice CZE"]
[Date "2010.07.23"]
[Round "1"]
[White "Simacek,P"]
[Black "Nakar,Ey"]
[Result "1-0"]
[WhiteElo "2532"]
[BlackElo "2287"]
[EventDate "2010.07.23"]

1. e4 e6 2. d4 d5 3. Nd2 Nf6 4. e5 Nfd7 5. Bd3 c5 6. c3 Nc6 7. Ne2 cxd4 8.
cxd4 f6 9. exf6 Nxf6 10. Nf3 Bd6 11. O-O Qc7 12. Bg5 O-O 13. Bh4 Nh5 14.
Qc2 h6 15. Bg6 Nf4 16. Nxf4 Bxf4 17. Bg3 Ne7 18. Bh7+ Kh8 19. Qxc7 Bxc7 20.
Bd3 Bxg3 21. hxg3 Bd7 22. Rfc1 Rfc8 23. Kf1 Rxc1+ 24. Rxc1 Rc8 25. Rxc8+
Nxc8 26. Bg6 Bb5+ 27. Ke1 Nd6 28. g4 Kg8 29. g5 hxg5 30. Nxg5 Bd7 31. Ke2
Kf8 32. Kf3 Ke7 33. Kf4 Kf6 34. Bd3 Bb5 35. Nh7+ Ke7 36. Bc2 Bf1 37. g3 Nc4
38. b3 Na3 39. Bg6 Nb5 40. Ke5 a6 41. Ng5 Nc7 42. Bf7 Bh3 43. f3 Bf5 44. g4
Bb1 45. a3 Bc2 46. b4 Bd1 47. Bg8 Nb5 48. Bxe6 Nxa3 49. Bxd5 b6 50. Ne6 g6
51. g5 a5 52. bxa5 bxa5 53. Nf4 Bc2 54. Be4 Kf7 55. Bd5+ Ke7 56. Be6 Nb5
57. Nd5+ Kd8 58. f4 a4 59. f5 a3 60. f6 Ke8 61. Nb6 Nc7 62. Ba2 Bf5 63. d5
Na6 64. d6 Nc5 65. Bc4 Nd3+ 66. Kd4 Nb4 67. d7+ Bxd7 68. f7+ Ke7 69. Nxd7
Nc6+ 70. Kc5 1-0

[Event "21st Czech GM Open"]
[Site "Pardubice CZE"]
[Date "2010.07.23"]
[Round "1"]
[White "Vovk,I"]
[Black "Panarin,M"]
[Result "0-1"]
[WhiteElo "2286"]
[BlackElo "2531"]
[EventDate "2010.07.23"]

1. d4 Nf6 2. c4 c5 3. d5 e6 4. g3 d6 5. Bg2 exd5 6. cxd5 g6 7. Nf3 Bg7 8.
Nc3 O-O 9. O-O Re8 10. Bf4 Na6 11. h3 Nc7 12. a4 Ne4 13. Nxe4 Rxe4 14. Nd2
Rb4 15. Ra2 Bxb2 16. Qc2 Bg7 17. Nc4 b5 18. Na5 Qd7 19. axb5 Nxb5 20. Nc6
Nd4 21. Qd1 Rb6 22. e3 Nb5 23. Qd3 Bb7 24. Ra4 Nc3 25. Ra5 Nxd5 26. Bxd5
Bxc6 27. Rd1 Qxh3 28. Bxc6 Rxc6 29. Qe4 Rcc8 30. Bxd6 c4 31. Rc1 c3 32. Qb7
Qe6 33. Ra6 Qc4 34. Rxa7 Rxa7 35. Qxa7 c2 36. Ba3 h5 37. Qb7 Rd8 38. Kh2
Rd1 39. Qf3 Qb3 40. Qa8+ Kh7 41. Kg2 Qb1 0-1

[Event "21st Czech GM Open"]
[Site "Pardubice CZE"]
[Date "2010.07.23"]
[Round "1"]
[White "Jansa,Vl"]
[Black "Gomes,Mary"]
[Result "0-1"]
[WhiteElo "2524"]
[BlackElo "2284"]
[EventDate "2010.07.23"]

1. e4 c5 2. Nf3 d6 3. d4 cxd4 4. Nxd4 Nf6 5. Nc3 a6 6. Bd3 g6 7. O-O Bg7 8.
Re1 O-O 9. Bf1 Nbd7 10. a4 Nc5 11. a5 Bd7 12. Bg5 b5 13. Nd5 h6 14. Bxf6
exf6 15. c3 Re8 16. Qc2 Rc8 17. Rad1 Be6 18. Nb6 Rc7 19. b4 Nd7 20. Nxe6
Rxe6 21. Nd5 Rc8 22. f4 Qe8 23. Kf2 f5 24. Bd3 fxe4 25. Bxe4 Nf6 26. Nxf6+
Bxf6 27. Bd5 Bxc3 28. Rxe6 fxe6 29. Bb3 Bd4+ 30. Rxd4 Rxc2+ 31. Bxc2 Qe7
32. Kf3 Kg7 33. Bb3 d5 34. Bd1 Qc7 35. Rd3 Qc4 36. Be2 Qxb4 37. Kf2 Qxf4+
0-1

[Event "21st Czech GM Open"]
[Site "Pardubice CZE"]
[Date "2010.07.23"]
[Round "1"]
[White "Shumilov,I"]
[Black "Nabaty,T"]
[Result "0-1"]
[WhiteElo "2284"]
[BlackElo "2523"]
[EventDate "2010.07.23"]

1. d4 d5 2. Nf3 c5 3. e3 Nf6 4. dxc5 e6 5. a3 Bxc5 6. b4 Be7 7. Bb2 a5 8.
b5 Nbd7 9. Nbd2 O-O 10. c4 Nc5 11. Be2 a4 12. O-O Nfe4 13. cxd5 Nxd2 14.
Nxd2 exd5 15. Nf3 Bf5 16. Nd4 Be4 17. Qd2 Qb6 18. Bc3 Qg6 19. g3 Nb3 20.
Nxb3 axb3 21. Qb2 Bc2 22. Bd1 Rfc8 23. Bxc2 bxc2 24. Rfc1 Rxc3 25. Qxc3 Bf6
26. Qd2 Bxa1 27. Rxa1 Rc8 28. Rc1 Qe4 29. Qd4 Qf5 30. b6 Rc4 31. Qd2 h5 32.
h4 g5 33. e4 dxe4 34. Rxc2 e3 35. Qd8+ Kh7 36. Rxc4 Qxf2+ 37. Kh1 Qf1+ 38.
Kh2 Qxc4 39. Qxg5 Qe2+ 40. Kg1 Qf2+ 41. Kh1 Qf3+ 42. Kh2 e2 43. Qe5 Qf2+
44. Kh3 e1=Q 45. Qxh5+ Kg7 0-1

[Event "21st Czech GM Open"]
[Site "Pardubice CZE"]
[Date "2010.07.23"]
[Round "1"]
[White "Shemeakin,A"]
[Black "Jovanovic,Zo CRO"]
[Result "1-0"]
[WhiteElo "2281"]
[BlackElo "2518"]
[EventDate "2010.07.23"]

1. d4 d6 2. c4 e5 3. d5 Nf6 4. Nc3 Nbd7 5. e4 Nc5 6. Qc2 a5 7. Be2 Be7 8.
h3 O-O 9. Nf3 c6 10. Be3 Qc7 11. Nd2 Bd7 12. Rc1 Rfc8 13. Qb1 Qb8 14. O-O
cxd5 15. exd5 Na4 16. Bd3 Nxc3 17. bxc3 h6 18. Rc2 b5 19. Rb2 Qc7 20. cxb5
Nxd5 21. b6 Qb7 22. c4 Nf6 23. Rc1 Bc6 24. f3 d5 25. c5 d4 26. Bf2 Nd5 27.
Ne4 Rab8 28. Be1 a4 29. Bd2 Kh8 30. Bc4 Ne3 31. Bd3 Nd5 32. Rcc2 Bf8 33.
Qf1 Qd7 34. Nd6 Bxd6 35. cxd6 Rxb6 36. Rxb6 Nxb6 37. Qc1 Bb7 38. Rxc8+ Qxc8
39. Bxh6 Qd7 40. Bxg7+ Kg8 41. Qh6 f5 42. Qh8+ Kf7 43. Qf8+ 1-0

[Event "21st Czech GM Open"]
[Site "Pardubice CZE"]
[Date "2010.07.23"]
[Round "1"]
[White "Schneider,Il"]
[Black "Litwak,A"]
[Result "1/2-1/2"]
[WhiteElo "2515"]
[BlackElo "2280"]
[EventDate "2010.07.23"]

1. d4 d5 2. c4 e6 3. Nf3 c5 4. cxd5 exd5 5. g3 Nc6 6. Bg2 Nf6 7. O-O Be7 8.
Nc3 O-O 9. dxc5 Bxc5 10. Na4 Be7 11. b3 Ne4 12. Bb2 Bf6 13. Bxf6 Nxf6 14.
Rc1 Re8 15. e3 Bg4 16. h3 Bh5 17. Nc5 Qb6 18. g4 Bg6 19. Nd4 Rac8 20. Qd2
h5 21. Nxc6 Rxc6 22. Na4 Qc7 23. Rxc6 Qxc6 24. Rc1 Qd6 25. f3 hxg4 26. hxg4
Qe7 27. Kf2 b6 28. Nc3 Qe5 29. Ne2 Qg5 30. Nf4 Rd8 31. Qd4 Qh4+ 32. Kf1 Qg5
33. Rc7 a5 34. Qxb6 d4 35. Rc5 Nd5 36. Rxd5 Rxd5 37. Nxd5 Bd3+ 38. Kg1 Qxd5
39. Qxd4 Qb5 40. Kf2 Bb1 41. Bf1 Qb8 42. Qd2 Qh2+ 43. Bg2 Qe5 44. a3 Qa1
45. Qxa5 Qb2+ 46. Kg3 Qxb3 47. Qb4 Qd1 48. a4 Bd3 49. Kh2 Qc2 50. Qb8+ Kh7
51. Qe8 Qf2 52. Kh3 Bf1 53. Qe4+ g6 54. f4 Bxg2+ 55. Qxg2 Qxe3+ 56. Qg3 Qe4
57. Qa3 Qxf4 58. a5 Qf1+ 59. Kg3 Qe1+ 60. Kf3 Qd1+ 61. Ke4 Qxg4+ 62. Kd5
Qe6+ 63. Kd4 Qf6+ 64. Kc4 Qe6+ 65. Kb5 Qd7+ 66. Kb6 Qd8+ 67. Kc6 Qc8+ 68.
Kb6 Qb8+ 69. Kc6 Qc8+ 70. Kb5 Qd7+ 71. Kb4 Qd4+ 72. Kb3 Qd3+ 73. Ka4 Qd7+
74. Kb4 1/2-1/2

[Event "21st Czech GM Open"]
[Site "Pardubice CZE"]
[Date "2010.07.23"]
[Round "1"]
[White "Haba,P"]
[Black "Denisov,I"]
[Result "1-0"]
[WhiteElo "2512"]
[BlackElo "2275"]
[EventDate "2010.07.23"]

1. e4 c5 2. Nf3 d6 3. d4 cxd4 4. Nxd4 Nf6 5. Nc3 a6 6. Be2 e6 7. f4 Nc6 8.
Be3 Qc7 9. O-O Bd7 10. Kh1 Be7 11. Qe1 O-O 12. Qg3 Kh8 13. a3 b5 14. Bd3
Rad8 15. Rae1 Nxd4 16. Bxd4 Bc6 17. Nd1 Qb7 18. Bc3 h6 19. Nf2 d5 20. Bxf6
Bxf6 21. e5 Be7 22. Ng4 Rfe8 23. Qh3 Bf8 24. Re3 d4 25. Rg3 Be4 26. Qh5 Rc8
27. Re1 Rxc2 28. Nf6 g6 29. Bxe4 Qxe4 30. Nxe4 gxh5 31. Nf6 Bb4 32. axb4
Rec8 33. h4 Rxb2 34. Ra1 Rxb4 35. Rxa6 d3 36. Rd6 Rxf4 37. Rgxd3 Rxh4+ 38.
Kg1 Kg7 39. Rg3+ Kh8 40. Rgd3 Kg7 41. Rg3+ Kh8 42. Rd7 Rc1+ 43. Kf2 Rc2+
44. Ke3 Rc3+ 45. Kd2 1-0

[Event "21st Czech GM Open"]
[Site "Pardubice CZE"]
[Date "2010.07.23"]
[Round "1"]
[White "Maximov,D"]
[Black "Kaufeld,J"]
[Result "1-0"]
[WhiteElo "2506"]
[BlackElo "2270"]
[EventDate "2010.07.23"]

1. e4 c5 2. Nf3 d6 3. c3 Nf6 4. Bc4 e6 5. Qe2 Be7 6. Bb3 O-O 7. O-O Nbd7 8.
d4 cxd4 9. cxd4 e5 10. Nc3 exd4 11. Nxd4 Nc5 12. Bc2 Re8 13. Rd1 a6 14. f3
Qc7 15. Qf2 Be6 16. Be3 Rac8 17. Rac1 Qb8 18. b4 Ncd7 19. Nxe6 Rxc3 20. Nd4
Ne5 21. Nf5 Bf8 22. Qd2 Rc6 23. Bb3 h6 24. a3 Rec8 25. Nd4 Rxc1 26. Rxc1
Nfd7 27. Nf5 b5 28. Bd4 Rc7 29. f4 Nc4 30. Bxc4 bxc4 31. Qc3 g6 32. Ne3 Qe8
33. Nd5 Rc8 34. Qf3 Bg7 35. Bxg7 Kxg7 36. Qc3+ Kh7 37. Qd4 Qe6 38. h3 h5
39. Rc3 Rc6 40. Kh2 Rc8 41. a4 Rf8 42. Rxc4 f5 43. Rc7 fxe4 44. Qa7 1-0

[Event "21st Czech GM Open"]
[Site "Pardubice CZE"]
[Date "2010.07.23"]
[Round "1"]
[White "Majer,J"]
[Black "Gutman,G"]
[Result "1/2-1/2"]
[WhiteElo "2270"]
[BlackElo "2502"]
[EventDate "2010.07.23"]

1. e4 c5 2. c3 d6 3. d4 Nf6 4. Bd3 cxd4 5. cxd4 e5 6. Ne2 Be7 7. O-O O-O 8.
Nbc3 Nbd7 9. h3 a6 10. a4 Re8 11. Be3 Bf8 12. d5 b6 1/2-1/2

[Event "21st Czech GM Open"]
[Site "Pardubice CZE"]
[Date "2010.07.23"]
[Round "1"]
[White "Bryzgalin,K"]
[Black "Borosova,Z"]
[Result "1/2-1/2"]
[WhiteElo "2499"]
[BlackElo "2266"]
[EventDate "2010.07.23"]

1. e4 e5 2. Nf3 Nc6 3. Bb5 a6 4. Ba4 Nf6 5. O-O Be7 6. Re1 b5 7. Bb3 O-O 8.
h3 Bb7 9. d3 d6 10. c3 Na5 11. Bc2 c5 12. Nbd2 Re8 13. Nf1 h6 14. Ng3 Bf8
15. d4 cxd4 16. cxd4 exd4 17. Nxd4 d5 18. e5 Ne4 19. Nxe4 dxe4 20. Bxe4
Bxe4 21. Rxe4 Nc6 22. Bxh6 Qd5 23. Rg4 Nxe5 24. Rg3 Rad8 25. Be3 Bc5 26.
Rxg7+ Kxg7 27. Nf5+ Kg8 28. Qh5 Ng6 29. Nh6+ Kg7 30. Nf5+ Kg8 31. Nh6+
1/2-1/2

[Event "21st Czech GM Open"]
[Site "Pardubice CZE"]
[Date "2010.07.23"]
[Round "1"]
[White "Miron,L"]
[Black "Pfretzschner,R"]
[Result "1-0"]
[WhiteElo "2497"]
[BlackElo "2264"]
[EventDate "2010.07.23"]

1. d4 Nf6 2. c4 c5 3. d5 b5 4. cxb5 a6 5. bxa6 Bxa6 6. Nc3 g6 7. g3 d6 8.
Bg2 Bg7 9. Nf3 O-O 10. O-O Nbd7 11. Rb1 Ra7 12. b3 Qa8 13. Bb2 Rb8 14. Re1
Rab7 15. h3 Ne8 16. Na4 Bxb2 17. Rxb2 Rb4 18. Nc3 Bb7 19. Qd2 Nc7 20. e4 c4
21. bxc4 Rxb2 22. Qxb2 Ba6 23. Qa3 Bxc4 24. Qxa8 Rxa8 25. a4 Nc5 26. Nd2
Bd3 27. Ra1 Nb5 28. Nxb5 Bxb5 29. a5 Nb7 30. Nb3 Bc4 31. Nd4 Rxa5 32. Rb1
Nc5 33. Nc6 Rb5 34. Nxe7+ Kf8 35. Rxb5 Bxb5 36. Nc8 Nb7 37. Na7 Ba4 38. Nc6
Nc5 39. Nd4 Ke7 40. f4 Nb3 41. Ne2 f6 42. Kf2 h6 43. Nc3 Bd7 44. Ke3 Bc8
45. h4 Bd7 46. Bf1 Bc8 47. Bc4 Nc5 48. Kd4 Nd7 49. Bb5 g5 50. Bxd7 Bxd7 51.
Nd1 gxh4 52. gxh4 Kf7 53. Ne3 Kg6 54. Nc4 f5 55. e5 dxe5+ 56. Nxe5+ 1-0

[Event "21st Czech GM Open"]
[Site "Pardubice CZE"]
[Date "2010.07.23"]
[Round "1"]
[White "Jeitz,C"]
[Black "Gavrilov,Al1"]
[Result "0-1"]
[WhiteElo "2261"]
[BlackElo "2493"]
[EventDate "2010.07.23"]

1. e4 e5 2. Nf3 Nc6 3. Bb5 a6 4. Ba4 Nf6 5. O-O Be7 6. Bxc6 dxc6 7. d3 Nd7
8. Nbd2 c5 9. Nc4 Bd6 10. b3 O-O 11. Bb2 Re8 12. h3 f6 13. a4 Nf8 14. Kh2
Ng6 15. g3 Be6 16. Ng1 Qd7 17. Qh5 Rf8 18. Ne3 Rae8 19. Ne2 Rf7 20. Kg2
Ref8 21. f4 exf4 22. Nxf4 Bxf4 23. gxf4 f5 24. e5 b5 25. axb5 axb5 26. Kh2
c4 27. bxc4 bxc4 28. d4 Ne7 29. Bc3 Nd5 30. Nxd5 Bxd5 31. Qe2 Qc6 32. Ra5
Re8 33. Rfa1 Bf3 34. Qe3 Be4 35. Qd2 Rd7 36. Ra6 Qd5 37. Qf2 c6 38. Ra8
Rxa8 39. Rxa8+ Rd8 40. Ra7 Rd7 41. Ra5 Qe6 42. Ra8+ Kf7 43. Rb8 Qh6 44. Bb4
Qh5 45. Qe3 h6 46. Rf8+ Ke6 47. Ra8 Rxd4 48. Ra7 c5 49. Bxc5 Rd1 50. Re7+
Kd5 51. Rd7+ Kc6 52. Rd6+ Kb7 53. Rxd1 Qxd1 54. Qd4 Qh1+ 55. Kg3 Qf3+ 0-1

[Event "21st Czech GM Open"]
[Site "Pardubice CZE"]
[Date "2010.07.23"]
[Round "1"]
[White "Cernin,R"]
[Black "Kasparov,S"]
[Result "0-1"]
[WhiteElo "2258"]
[BlackElo "2492"]
[EventDate "2010.07.23"]

1. c4 c5 2. g3 Nc6 3. Bg2 g6 4. Nc3 Bg7 5. a3 d6 6. Rb1 a5 7. d3 e5 8. Nf3
Nge7 9. O-O O-O 10. Ne1 Be6 11. Bg5 f6 12. Be3 Rb8 13. Nc2 Qd7 14. b4 b6
15. Qd2 axb4 16. axb4 Nd4 17. Rfc1 h5 18. Bh6 h4 19. bxc5 bxc5 20. Bxg7
Kxg7 21. Rxb8 Rxb8 22. Rb1 Rxb1+ 23. Nxb1 h3 24. Bf1 Qb7 25. Nxd4 cxd4 26.
Qc2 d5 27. Nd2 dxc4 28. Nxc4 Nd5 29. f3 Qc7 30. Qb2 g5 31. Qb5 Ne3 32. Nxe3
dxe3 33. Qb2 Qa7 34. g4 Qa5 35. Qb7+ Bf7 36. Qe4 Qd2 0-1

[Event "21st Czech GM Open"]
[Site "Pardubice CZE"]
[Date "2010.07.23"]
[Round "1"]
[White "Kanovsky,D"]
[Black "Otte,Marco"]
[Result "0-1"]
[WhiteElo "2492"]
[BlackElo "2258"]
[EventDate "2010.07.23"]

1. e4 c5 2. Nf3 d6 3. d4 cxd4 4. Nxd4 Nf6 5. Nc3 g6 6. Be3 a6 7. f3 b5 8.
Qd2 Bb7 9. O-O-O Nbd7 10. Kb1 Rc8 11. Nb3 Ne5 12. Nd5 Nxd5 13. exd5 Bg7 14.
Bd4 O-O 15. f4 Nc4 16. Bxc4 Bxd4 17. Nxd4 Rxc4 18. Rhe1 Rc5 19. Qe3 Re8 20.
f5 Rxd5 21. Qh6 e5 22. fxe6 fxe6 23. Rd3 Qf6 24. Rh3 Qg7 25. Qxg7+ Kxg7 26.
c3 Re5 27. Rxe5 dxe5 28. Nf3 e4 29. Ne5 Rf8 30. Ng4 h5 31. Ne3 Rf2 32. b3
Kf6 33. c4 Ke5 34. Rg3 Kf4 35. Nc2 e3 0-1

[Event "21st Czech GM Open"]
[Site "Pardubice CZE"]
[Date "2010.07.23"]
[Round "1"]
[White "Lalic,B"]
[Black "Franciskovic,B"]
[Result "1/2-1/2"]
[WhiteElo "2491"]
[BlackElo "2253"]
[EventDate "2010.07.23"]

1. c4 c5 2. Nf3 Nf6 3. Nc3 Nc6 4. g3 e6 5. Bg2 Be7 6. d4 cxd4 7. Nxd4 a6 8.
O-O Qc7 9. b3 O-O 10. Bb2 d6 11. Rc1 Ne5 12. h3 Bd7 13. e3 Rfe8 14. f4 Ng6
15. Kh2 Bf8 16. Qd3 Rac8 17. Rfd1 Qb8 18. a4 Rcd8 19. a5 h5 20. Nf3 Bc6 21.
e4 h4 22. Nxh4 Nxh4 23. gxh4 Nh5 24. Ne2 d5 25. Qf3 g6 26. cxd5 exd5 27. e5
d4 28. Rxc6 bxc6 29. Rxd4 Rxd4 30. Bxd4 c5 31. Bf2 Qc8 32. Ng3 Nxg3 33.
Bxg3 Qf5 34. Qe2 Bh6 35. Be4 Qh5 36. Qd3 Bf8 37. Kg2 Be7 38. Bf3 Qf5 39.
Qxf5 gxf5 40. Be2 Kg7 41. Be1 1/2-1/2